TB OF PROSTHODONTICS (Record no. 6926)

MARC details
000 -LEADER
fixed length control field 00334nam a2200133Ia 4500
008 - FIXED-LENGTH DATA ELEMENTS--GENERAL INFORMATION
fixed length control field 150301s2013 xx 000 0 und d
082 ## - DEWEY DECIMAL CLASSIFICATION NUMBER
Classification number 617.692
Item number P13R
100 ## - MAIN ENTRY--PERSONAL NAME
Personal name RANGARAJAN, V
245 ## - TITLE STATEMENT
Title TB OF PROSTHODONTICS
260 ## - PUBLICATION, DISTRIBUTION, ETC. (IMPRINT)
Name of publisher, distributor, etc. ELSEVIER PUBLICATION
Place of publication, distribution, etc. DELHI
Date of publication, distribution, etc. 2013
300 ## - PHYSICAL DESCRIPTION
Extent 1-856
650 ## - SUBJECT ADDED ENTRY--TOPICAL TERM
Topical term or geographic name as entry element PROSTHODONTICS
942 ## - ADDED ENTRY ELEMENTS (KOHA)
Source of classification or shelving scheme Dewey Decimal Classification
Koha item type Books
Koha issues (borrowed), all copies 60
Holdings
Withdrawn status Lost status Source of classification or shelving scheme Damaged status Not for loan Home library Current library Date acquired Source of acquisition Cost, normal purchase price Serial Enumeration / chronology SGTU Bill Number Total Checkouts Full call number Barcode Date last seen Bill Date Koha item type Total Renewals Date last checked out
    Dewey Decimal Classification     SGT Dental Library SGT Dental Library 02/07/2015 ABC-DELHI 1075.00 1 SGTU 5698   617.692 P13R FD7198 02/07/2015 05/06/2015 Books    
    Dewey Decimal Classification     SGT Dental Library SGT Dental Library 02/07/2015 ABC-DELHI 1075.00 1 SGTU 5698 67 617.692 P13R FD7199 07/10/2025 05/06/2015 Books 1 07/10/2025
    Dewey Decimal Classification     SGT Dental Library SGT Dental Library 02/07/2015 ABC-DELHI 1075.00 1 SGTU 5698 21 617.692 P13R FD7200 23/12/2025 05/06/2015 Books   13/11/2025